Vplyv vybraných vlastností značky na spotrebiteľské správanie diplomová práca
Guardado en:
| Autor principal: | |
|---|---|
| Autor Corporativo: | |
| Otros Autores: | |
| Formato: | Libro |
| Lenguaje: | eslovaco |
| Publicado: |
Bratislava
2024
|
| Etiquetas: |
Sin Etiquetas, Sea el primero en etiquetar este registro!
|
MARC
| LEADER | 00000nbm a2200000 4500 | ||
|---|---|---|---|
| 001 | 0302104 | ||
| 005 | 20241206151041.8 | ||
| 041 | 0 | |a slo | |
| 044 | |a SK | ||
| 245 | 1 | 0 | |a Vplyv vybraných vlastností značky na spotrebiteľské správanie |b diplomová práca |c Tomáš Butaš ; školiteľ: Marína Korčoková |
| 264 | 1 | |a Bratislava |c 2024 | |
| 300 | |a 78 s. | ||
| 100 | 1 | |a Butaš, Tomáš | |
| 700 | 1 | |a Korčoková, Marína, 1970- | |
| 710 | 2 | |a Obchodná fakulta EU. Katedra marketingu | |